| 000 | 00421nam a22001697a 4500 | ||
|---|---|---|---|
| 005 | 20160628105913.0 | ||
| 008 | 160628b xxu||||| |||| 00| 0 eng d | ||
| 020 | _a81-259-0881-1 | ||
| 041 | _aeng | ||
| 082 | _b10743 | ||
| 100 |
_aSrivastava, S.C. _93031 |
||
| 245 | _aIndustrial Relations & Labour | ||
| 260 |
_a New Delhi _bVikas Publishing House, _c2004 |
||
| 300 | _a708 | ||
| 650 |
_aManagement _9241 |
||
| 942 | _cBK | ||
| 999 |
_c4387 _d4386 |
||